| 000 | 00600nam a2200241Ia 4500 | ||
|---|---|---|---|
| 003 | OSt | ||
| 005 | 20221005115637.0 | ||
| 006 | a|||||r|||| 00| 0 | ||
| 007 | ta | ||
| 008 | 221004b |||||||| |||| 00| 0 kan d | ||
| 024 | _a59026 | ||
| 037 | _cTextual | ||
| 040 |
_aCRL _cCRL _bkan |
||
| 041 |
_2kan _akan |
||
| 082 | _aL:4:627, 33M2 | ||
| 100 |
_aGadaguli Au. _9627920 |
||
| 245 | 0 | _aChumbaka chikitsa paddhati | |
| 260 | _c1982 | ||
| 650 | _a MEDICINE | ||
| 650 | _aKANNAD LITERATURE | ||
| 942 |
_hL:4:627, 33M2 _cTEXL _2cc |
||
| 999 |
_c1035493 _d1035493 |
||